000 00449nmm a2200157Ia 4500
008 251105s9999||||xx |||||||||||||||||und||
020 _a9781558852280
041 _aeng
100 _aRuiz, Ronald L.
245 0 _aGiuseppe Rocco
264 _a[Washington, Estados Unidos] :
_bArte Público Press,
_c2017
300 _a256 páginas
650 _aNorth American narrative
856 _uhttps://public.digitaliapublishing.com/a/46190
942 _cCF
999 _c74679
_d74679